000 00444nam a2200157 i 4500
001 bg
245 0 _aLaboratorium napędu elektrycznego :
_bpraca zbiorowa /
_cpod red. H. Bitela.
260 _aWarszawa :
_bPańst. Wydaw. Naukowe,
_c1977.
650 9 _aNapęd elektryczny
655 _aPodręczniki akademickie
700 1 _aBitel, Henryk.
_eRed.
040 _cBPK
041 _apol
942 _cKS
008 s pl f |000 0 pol
999 _c2178
_d2178
856 _uhttp://koha.tu.koszalin.pl/cgi-bin/koha/opac-detail.pl?biblionumber=2178
_yKatalog online BPK